Suomalaiset Unescon maailmanperintökohteet - Statistics

Yleistilastot
  • Tätä visaa on pelattu 34 kertaa
  • Keskiarvotulos 10 / 16
Vastaustilastot
Hint Vastaus % Oikein
Sammallahdenmäen pronssikautinen röykkiöalue Rauma (Lappi)
100%
Suomenlinna Helsinki
96%
Vanha Rauma Rauma
96%
Struven ketju:
Stuorrahanoaivi -
Aavasaksa -
Alatornion kirkko -
Oravivuori -
Tornikallio -
Mustaviiri
Tornio (Alatornio)
78%
Petäjäveden vanha kirkko Petäjävesi
78%
Korkearannikko - Merenkurkun saaristo Vaasa
67%
Struven ketju: Stuorrahanoaivi - Aavasaksa - Alatornion kirkko - Oravivuori - Tornikallio - Mustaviiri Ylitornio
67%
Korkearannikko - Merenkurkun saaristo Mustasaari
63%
Verlan puuhiomo ja pahvitehdas Kouvola (Jaala)
59%
Korkearannikko - Merenkurkun saaristo Vöyri
59%
Korkearannikko - Merenkurkun saaristo Korsnäs
56%
Korkearannikko - Merenkurkun saaristo Maalahti
56%
Struven ketju:Stuorrahanoaivi - Aavasaksa - Alatornion kirkko - Oravivuori - Tornikallio - Mustaviiri Enontekiö
48%
Struven ketju:
Stuorrahanoaivi -
Aavasaksa -
Alatornion kirkko -
Oravivuori -
Tornikallio -
Mustaviiri
Jyväskylä (Korpilahti)
33%
Struven ketju: Stuorrahanoaivi - Aavasaksa - Alatornion kirkko - Oravivuori - Tornikallio - Mustaviiri Pyhtää
19%
Struven ketju: Stuorrahanoaivi - Aavasaksa - Alatornion kirkko - Oravivuori - Tornikallio - Mustaviiri Lapinjärvi
11%
Ehtoja vastaavia visoja ei löytynyt
Tulosjakauma
Jokaisen tuloksen saaneiden osuus
Persentiili vastausten määrän mukaan
Tuloshistoriasi
Et ole pelannut tätä visaa